| 000 | 01142nam a2200265Ia 4500 | ||
|---|---|---|---|
| 999 |
_c38491 _d38491 |
||
| 001 | 4504 | ||
| 003 | GE_BSU | ||
| 005 | 20191017100817.0 | ||
| 008 | 181216s2012||||ge |||||||||||||| ||geo|| | ||
| 020 | _a9789941177408 | ||
| 040 | _cGE_BSU | ||
| 041 | _ageo | ||
| 080 | _a811.353.1 ქ–84 | ||
| 100 |
_aქუთელია, ნათელა _94187 |
||
| 245 |
_aქართველოლოგიური კვლევები : _bშრომების კრებული / |
||
| 264 |
_aთბილისი : _bუნივერსალი, _c2012. |
||
| 300 |
_a199 გვ. ; _b21 სმ. |
||
| 500 | _aშრომების ნაწილი რუს. ენ. | ||
| 504 | _aბიბლიოგრ. ტექსტის შენიშვნ. | ||
| 520 | _aრეზ. ინგლ. | ||
| 653 | _aზანური ენის ფონოლოგია; | ||
| 653 | _aენობრივი პოლიტიკა საქართველოში; | ||
| 653 | _aქართველურ ენათა ფონოლოგიური სისტემები; | ||
| 942 |
_cBK _2udc |
||